Cargando...

Managing Human Resources

Detalles Bibliográficos
Autor Principal: Wayne F. Cascio
Formato: Printed Book
Publicado: New Delhi Tata McGraw-Hill Publishing Company Ltd. 1986
Edición:Ed-7
Subjects:
LEADER 00550nam a22001577a 4500
020 |a 0-07-061563-2 
082 |a 658.3  |b CAS/M 
100 |a Wayne F. Cascio   |9 173531 
245 |a Managing Human Resources 
250 |a Ed-7 
260 |a New Delhi  |b Tata McGraw-Hill Publishing Company Ltd.  |c 1986 
300 |a xxx+706p. 
650 |a Managing Human Resources  |9 173532 
942 |c BK 
999 |c 189675  |d 189671 
952 |0 0  |1 0  |4 0  |6 658_300000000000000_CAS_M  |7 0  |8 NFIC  |9 190199  |a SMBS  |b SMBS  |c GEN  |d 2015-08-04  |l 2  |o 658.3 CAS/M  |p SMBS2320  |r 2017-02-20  |s 2017-01-20  |w 2015-08-04  |y BK